| 000 | 00720nam a22001697a 4500 | ||
|---|---|---|---|
| 008 | 110913s1995 ua|||||r|||| 00| 0 ara d | ||
| 020 | _a9770083100 | ||
| 082 |
_222 _a364.16 _bش و ك |
||
| 100 |
_927162 _aشوكت ، صابر |
||
| 245 |
_a/جرائم قاهر العفاريت :الشيطان الذي أخرجته من القمقم _cصابر شوكت |
||
| 260 |
_aالقاهرة : _bدار الجنتل، 1995 _c1995 |
||
| 300 |
_a284 ص : _bصور ، _c24 سم |
||
| 650 |
_927164 _aجرائم الاحتيال والنصب |
||
| 653 | _bGeneral | ||
| 942 |
_2ddc _cBB |
||
| 999 |
_c16019 _d16019 |
||